| 000 | 00701cam a2200145 4500500 | ||
|---|---|---|---|
| 005 | 20251228092911.0 | ||
| 041 | _afre | ||
| 042 | _adc | ||
| 100 | 1 | 0 |
_aCarruthers, Leo _eauthor |
| 245 | 0 | 0 | _aThe Fifteen Oes and Other Prayers. Edited from the text published by William Caxton (1491), éd. Alexandra Barratt, Susan Powell, Heidelberg, Universitätsverlag Winter, 2021 ; 1 vol., XXXVI–54 p. (Middle English Texts, 61). ISBN : 978-3-8253-4851-9. Prix : € 44,00 |
| 260 | _c2023. | ||
| 500 | _a63 | ||
| 786 | 0 | _nLe Moyen Age | CXXVIII | 3 | 2023-04-11 | p. 759zzn-873zzn | 0027-2841 | |
| 856 | 4 | 1 | _uhttps://shs.cairn.info/revue-le-moyen-age-2022-3-page-759zzn?lang=fr&redirect-ssocas=7080 |
| 999 |
_c1603869 _d1603869 |
||